| 000 | 01847cam a22003255a 4500 | ||
|---|---|---|---|
| 005 | 20091103014612.0 | ||
| 010 | _aENG-95359 B-423622-626 | ||
| 020 |
_a9788131306826 _c495.00 |
||
| 035 | _aEN-78892 | ||
| 035 | _aB-423622-626 | ||
| 037 | _aDBAD/PUB | ||
| 037 | _aAllied Publishers | ||
| 082 | _a658 | ||
| 100 |
_aViramgami, Hitesh S. _930848 |
||
| 245 |
_aManagement _cby H. S. Viramgami, Rohit N. Desai |
||
| 260 |
_aNew Delhi : _bAPH Publishing Corporation _c2009 |
||
| 270 |
_a4435-36/7. Ansari road, Darya Ganj _bNew Delhi _e110002 |
||
| 300 |
_aviii, 176p. _c22 cm. (Hb) |
||
| 500 | _a | ||
| 520 | _aContributed articles. | ||
| 700 |
_aDesai, Rohit N. _930849 |
||
| 942 |
_2ddc _cEN _mVIR _h658 |
||
| 999 |
_c31459 _d31459 |
||